| 000 | 00591nam a22002297a 4500 | ||
|---|---|---|---|
| 003 | LK-CoDNM | ||
| 005 | 20250228120244.0 | ||
| 008 | 250224b |||||||| |||| 00| 0 eng d | ||
| 040 |
_aLK-CoDNM _dLK-CoDNM _eLK-CoDNM |
||
| 041 | _aeng | ||
| 080 |
_aRC _b592 |
||
| 100 | _aToulba, A. F. | ||
| 245 | _aCeylon | ||
| 246 | _aThe Land of Eternal Charm | ||
| 260 |
_aNew Delhi, Madras _bAsian Educational Services _c2000 |
||
| 300 | _aXXI, 352p. , Ill, ; 22cm | ||
| 650 | _aRare Collection | ||
| 650 | _aSri Lanka | ||
| 650 | _aCivilization | ||
| 650 | _aHistory | ||
| 942 | _cBK | ||
| 999 |
_c238527 _d238527 |
||